Spell the Marvel Character #419 - Statistics

General Stats
  • This quiz has been taken 9 times
  • The average score is 8 of 9
Answer Stats
Picture Answer % Correct
Arachne
100%
Thor (Jane Foster)
100%
Blindfold
89%
Ancient One
78%
Colleen Wing
78%
Fantomex
78%
Fat Cobra
78%
Outlaw
78%
Red Dagger
78%
No matching quizzes found
Score Distribution
Percent of People with Each Score
Percentile by Number Answered
Your Score History
You have not taken this quiz